Revolutionary Strategy for National Development / (Record no. 7887)
[ view plain ]
| 000 -LEADER | |
|---|---|
| fixed length control field | 00596nam a2200217 a 4500 |
| 001 - CONTROL NUMBER | |
| JCCL Control Number | 7887 |
| 003 - CONTROL NUMBER IDENTIFIER | |
| JCCL marc code | BD-JhCC |
| 005 - DATE AND TIME OF LATEST TRANSACTION | |
| control field | 20180215094530.0 |
| 008 - FIXED-LENGTH DATA ELEMENTS--GENERAL INFORMATION | |
| fixed length control field | 180215s1970 p a|||| || | 00| 0 eng d |
| 035 ## - SYSTEM CONTROL NUMBER | |
| system control number | (BD-JhCC)7887 |
| 040 ## - CATALOGING SOURCE | |
| Original cataloging agency | BD-JhCC |
| Modifying agency | BD-JhCC |
| 041 ## - LANGUAGE CODE | |
| Language code of Book | eng |
| 082 ## - DEWEY DECIMAL CLASSIFICATION NUMBER | |
| Classification number | 338.95491 |
| Author mark and Year | BAW 1970 |
| 100 ## - MAIN ENTRY--PERSONAL NAME | |
| Personal name | Bawany, Ebrahim |
| 245 ## - TITLE STATEMENT | |
| Title | Revolutionary Strategy for National Development / |
| Statement of responsibility, etc | Ebrahim Bawany, |
| 260 ## - PUBLICATION, DISTRIBUTION, ETC. (IMPRINT) | |
| Place of publication, distribution, etc | Karchi : |
| Name of publisher, distributor, etc | Muslimnews International, |
| Date of publication, distribution, etc | 1970. |
| 300 ## - PHYSICAL DESCRIPTION | |
| Pagination | 154 p. : |
| Other physical details | ill. ; |
| Dimensions | 23 cm. |
| 650 ## - SUBJECT ADDED ENTRY--TOPICAL TERM | |
| Topical term or geographic name as entry element | Economic Policy |
| Geographic subdivision | Pakistan |
| 942 ## - ADDED ENTRY ELEMENTS (KOHA) | |
| Source of classification or shelving scheme | Dewey Decimal Classification |
| Koha item type | Books |
| Source of classification or shelving scheme | Damaged status | Not for loan | Home library | Current library | Shelving location | Date of accession | Total Checkouts | Full call number | Barcode | Date last seen | Copy number | Koha item type |
|---|---|---|---|---|---|---|---|---|---|---|---|---|
| Dewey Decimal Classification | JCC Rouf Library | JCC Rouf Library | General Stacks | 02/15/2018 | 338.95491 BAW 1970 | 10501 | 02/15/2018 | C-1 | Books |